[Event "ECU-ch"]
[Site "Banos de Agua Santa"]
[Date "2020.03.13"]
[Round "6"]
[White "Noboa Silva, Kevin Omar"]
[Black "Quishpe Vaca, Andres"]
[Result "1-0"]
[WhiteElo "2329"]
[BlackElo "1970"]
[PlyCount "73"]
[EventDate "2020.03.10"]
[EventType "swiss"]
[EventRounds "9"]
[EventCountry "ECU"]
[SourceTitle "CBM 195 Extra"]
[Source "ChessBase"]
[SourceDate "2020.05.31"]
[SourceVersion "1"]
[SourceVersionDate "2020.05.31"]
[SourceQuality "1"]

1. d4 Nf6 2. c4 e6 3. Nc3 Bb4 4. e3 0-0 5. Bd3 d5 6. a3 Bxc3+ 7. bxc3 dxc4 8. Bxc4 c5 9. Nf3 Qc7 10. Be2 b6 11. 0-0 Bb7 12. Bb2 Ng4 13. Re1 Nd7 14. h3 Ngf6 15. c4 Rfd8 16. Rc1 Ne4 17. Bd3 Ndf6 18. Ne5 Rac8 19. Ng4 Nxg4 20. Qxg4 f5 21. Qh4 Qf7 22. f3 Nf6 23. d5 exd5 24. Bxf5 Ra8 25. Bxf6 gxf6 26. cxd5 Bxd5 27. e4 Bb3 28. e5 fxe5 29. Rxe5 Re8 30. Bxh7+ Qxh7 31. Rg5+ Kh8 32. Rh5 Re7 33. Rxh7+ Rxh7 34. Qe1 c4 35. Qe5+ Rg7 36. Re1 Rag8 37. Re4 1-0

[Event "American Continental 13th"]
[Site "Medellin"]
[Date "2017.06.14"]
[Round "7"]
[White "Cardoso Cardoso, Jose Gabriel"]
[Black "Quishpe Vaca, Andres"]
[Result "1-0"]
[WhiteElo "2134"]
[BlackElo "1929"]
[PlyCount "89"]
[EventDate "2017.06.10"]
[EventType "swiss"]
[EventRounds "11"]
[EventCountry "COL"]
[SourceTitle "CBM 178 Extra"]
[Source "ChessBase"]
[SourceDate "2017.06.22"]
[SourceVersion "1"]
[SourceVersionDate "2017.06.22"]
[SourceQuality "1"]

1. d4 Nf6 2. c4 c5 3. d5 g6 4. Nc3 d6 5. e4 Bg7 6. Nf3 0-0 7. h3 e6 8. Bd3 Na6 9. 0-0 e5 10. Re1 Nc7 11. a3 Nh5 12. Bf1 Rb8 13. b4 b6 14. Rb1 Bd7 15. Bg5 f6 16. Be3 Nf4 17. Kh2 g5 18. g3 Ng6 19. Be2 h6 20. g4 Nf4 21. Bxf4 exf4 22. Qd2 Qe7 23. e5 fxe5 24. Ne4 Na6 25. Rg1 Bf6 26. Bd3 Rfd8 27. Bc2 Be8 28. Qd3 Rb7 29. h4 Kf8 30. hxg5 Bxg5 31. bxc5 Nxc5 32. Nxc5 dxc5 33. Rbe1 Bf6 34. Nxe5 Bxe5 35. Qf5+ Qf6 36. Rxe5 Qxf5 37. gxf5 Bf7 38. Ba4 a6 39. Bc6 Re7 40. Re6 Bxe6 41. dxe6 Rd2 42. Bd5 Rxf2+ 43. Kh3 Rg7 44. Rxg7 Kxg7 45. e7 1-0

[Event "Bogota Millonario op"]
[Site "Bogota"]
[Date "2015.12.21"]
[Round "6"]
[White "Quishpe Vaca, Andres"]
[Black "Cespedes Rodriguez, Jaime"]
[Result "0-1"]
[WhiteElo "1988"]
[BlackElo "2113"]
[PlyCount "76"]
[EventDate "2015.12.18"]
[EventType "swiss"]
[EventRounds "9"]
[EventCountry "COL"]
[SourceTitle "EXT 2017"]
[Source "ChessBase"]
[SourceDate "2016.10.25"]
[SourceVersion "1"]
[SourceVersionDate "2016.10.25"]
[SourceQuality "1"]

1. e4 c5 2. c3 Nf6 3. e5 Nd5 4. d4 cxd4 5. Nf3 e6 6. cxd4 d6 7. Nc3 dxe5 8. Nxe5 Bb4 9. Bd2 Be7 10. Bd3 0-0 11. 0-0 Nb4 12. Bb1 Qxd4 13. Nf3 Qg4 14. a3 Nd5 15. Bxh7+ Kxh7 16. Ng5+ Qxg5 17. Bxg5 Bxg5 18. Nxd5 exd5 19. Qxd5 Bf6 20. Rac1 Nc6 21. b4 a6 22. Rfe1 Be6 23. Qh5+ Kg8 24. Rcd1 Rfd8 25. b5 Nd4 26. bxa6 Rxa6 27. Qc5 Rc8 28. Qxc8+ Bxc8 29. Re8+ Kh7 30. Rxc8 Rxa3 31. g4 Be5 32. Kg2 Ne6 33. Rb1 b6 34. h4 Bd4 35. Rc2 Nf4+ 36. Kg1 Rg3+ 37. Kf1 Rh3 38. Kg1 Rxh4 0-1